Click the Massachusetts Counties! (Map) Quiz Stats

 Plays Quiz not verified by Sporcle

Support Sporcle.
Go Orange.
Score 0/14 Timer 01:30
0 Plays Today
% Correct
Worcester
85.6%
Plymouth
83.5%
Middlesex
80.6%
Berkshire
80.5%
Nantucket
80.5%
Barnstable
79%
Essex
78.9%
% Correct
Suffolk
75.6%
Bristol
75.4%
Franklin
74.6%
Dukes
74.3%
Norfolk
74.2%
Hampshire
73.8%
Hampden
72.7%

You're not logged in!

Compare scores with friends on all Sporcle quizzes.
OR
Log In

From the Vault

Also a Baby Name Blitz

by Scott

This will be a little tougher than taking candy from a baby.
Remove Ads.
Support Sporcle.
Get the best of Sporcle when you Go Orange. This ad-free experience offers more features, more stats, and more fun while also helping to support Sporcle. Thank you for becoming a member.

Show Comments

Extras

Top Quizzes Today


Score Distribution

Your Account Isn't Verified!

In order to create a playlist on Sporcle, you need to verify the email address you used during registration. Go to your Sporcle Settings to finish the process.

Report this User

Report this user for behavior that violates our Community Guidelines.

Details: